| 000 | 00676nam a2200229Ia 4500 | ||
|---|---|---|---|
| 003 | OSt | ||
| 005 | 20221005132404.0 | ||
| 006 | a|||||r|||| 00| 0 | ||
| 007 | ta | ||
| 008 | 221004b |||||||| |||| 00| 0 eng d | ||
| 024 | _a59141 | ||
| 037 | _cTextual | ||
| 040 |
_aCRL _cCRL _beng |
||
| 041 |
_2eng _aeng |
||
| 082 | _aU8;41:M9, D4 | ||
| 100 |
_aGlover Archibald E _9641057 |
||
| 245 | 0 |
_aThousand miles of miracle in China _b A personal record of God's delivering power from the hands of the imperial boxers of Shan-si. |
|
| 260 | _c1904 | ||
| 650 | _aGEOGRAPHY | ||
| 942 |
_hU8;41:M9, D4 _cTEXL _2cc |
||
| 999 |
_c1063482 _d1063482 |
||